VÝZNAM NEUROTOXÍNOV V REJUVENIZÁCII TVÁRE

Bibliographic Details
Main Authors: Sochorová, R. (Author), Sochor, M. (Author)
Format: Article
Language:Slovak

MARC

LEADER 00000nab a2200000uu 4500
001 vtls011461169
003 SK-MaSNL
005 20260303132118.0
008 230218|2012 xo |||||||||||||||||slo|
015 |a SNBRB 
035 |a (urnnbn)urn:nbn:sk:snk:ar-a0agtz 
035 |a (uuid)f3414fa7-44b8-4741-ad03-f0433819147d 
035 |a urn:nbn:sk:snk-abcuwo 
040 |a SNKBUCL  |b slo  |c SNKBUCL  |e AACR2 
041 0 |a slo 
044 |a xo  |c SK 
100 1 |a Sochorová, R.  |4 aut  |9 776251 
245 1 0 |a VÝZNAM NEUROTOXÍNOV V REJUVENIZÁCII TVÁRE  |c R. Sochorová, M. Sochor 
246 3 |a IMPORTANCE OF NEUROTOXINS IN FACIAL REJUVENATION 
700 1 |a Sochor, M.  |4 aut  |9 784868 
773 0 |t Derma : medzinárodný interdisciplinárny časopis pre dermatovenerológiu a príbuzné odbory  |g Roč. 12, č. 2 (2012), s. 30-34 
954 |a odborná, vedecká literatúra pôvodná (slovenská)  |2 lita 
958 |a OND 
958 |a EUIPO 
958 |a article16 
999 |c 1949084  |d 1951014